Karlheinz Stierle, La capitale des signes – Paris et son discours. Préface de Jean Starobinski. Traduit de l’allemand par Marianne Rocher-Jacquin, Paris, Éditions de la Maison des sciences de l’homme, 2001, 650 p. (notice n° 1547499)
[ vue normale ]
| 000 -LEADER | |
|---|---|
| fixed length control field | 00626cam a2200145 4500500 |
| 005 - DATE AND TIME OF LATEST TRANSACTION | |
| control field | 20251012032514.0 |
| 041 ## - LANGUAGE CODE | |
| Language code of text/sound track or separate title | fre |
| 042 ## - AUTHENTICATION CODE | |
| Authentication code | dc |
| 100 10 - MAIN ENTRY--PERSONAL NAME | |
| Personal name | Le Moing, Monique |
| Relator term | author |
| 245 00 - TITLE STATEMENT | |
| Title | Karlheinz Stierle, La capitale des signes – Paris et son discours. Préface de Jean Starobinski. Traduit de l’allemand par Marianne Rocher-Jacquin, Paris, Éditions de la Maison des sciences de l’homme, 2001, 650 p. |
| 260 ## - PUBLICATION, DISTRIBUTION, ETC. | |
| Date of publication, distribution, etc. | 2002.<br/> |
| 500 ## - GENERAL NOTE | |
| General note | 67 |
| 786 0# - DATA SOURCE ENTRY | |
| Note | Sigila | 10 | 2 | 2002-12-20 | p. 244-245 | 1286-1715 |
| 856 41 - ELECTRONIC LOCATION AND ACCESS | |
| Uniform Resource Identifier | <a href="https://shs.cairn.info/revue-sigila-2002-2-page-244?lang=fr&redirect-ssocas=7080">https://shs.cairn.info/revue-sigila-2002-2-page-244?lang=fr&redirect-ssocas=7080</a> |
Pas d'exemplaire disponible.




Réseaux sociaux